000 00530nam a2200169Ia 4500
008 110201s9999 xx 000 0 und d
082 _bB6798
_aBAL 1761
100 _aगानु श्वेता
245 _aजे आर डी टाटा
260 _bमोरया प्रकाशन
365 _b15
600 _aगानु श्वेता
630 _aजे आर डी टाटा
700 _aगानु श्वेता
730 _aजे आर डी टाटा
942 _cBOOK
999 _c832380
_d832377